00549nam a22001697a 4500003000900000005001700009008004100026040002300067041000800090082001700098100004000115245003300155246004700188260009100235300002200326600003100348BDDh-ASL20231015031244.0230324s1991 b ||||| |||| 00| 0 b d aBDDh-ASLcBDDh-ASL aben a927.80bMAL 1 aহায়াৎ, মামুদ10aলালন সাঁই /  aLalon Sain ( A Biography) by Hayat Mamud.  aঢাকা : bবাংলাদেশ শিশু একাডেমী, c1991.  a47 p. : c22 cm.  0aসাঁই, লালন